[Event "extreme weather chess tournament"]
[Site "SchemingMind.com"]
[Date "2014.01.26"]
[Round "-"]
[White "James Reed"]
[Black "poisonpawn1"]
[Result "1/2-1/2"]
[WhiteCountry "ENG"]
[BlackCountry "ENG"]
[WhiteElo "1366"]
[WhiteRD "64"]
[BlackElo "1638"]
[BlackRD "81"]
[GameID "346095"]

1. e4 e5 2. Nf3 Nc6 3. Bb5 Bc5 4. c3 Nf6 5. O-O O-O 6. d4 Bb6 7. Bxc6 bxc6 8. Bg5 d6 9. h3 Re8 10. Re1 h6
11. Bh4 Bd7 12. Nbd2 g5 13. Bg3 Nh5 14. Bh2 Qf6 15. b3 g4 16. hxg4 Bxg4 17. a3 exd4 18. cxd4 Bxd4 19. Rc1 c5 20. Qc2 Re7
21. Rb1 Qg6 22. a4 Rb8 23. Nxd4 cxd4 24. Nc4 Be6 25. Qd2 Bxc4 26. bxc4 Rxb1 27. Rxb1 Rxe4 28. Re1 Rxe1+ 29. Qxe1 Nf6 30. a5 Qd3
31. Qc1 Kh7 32. Bg3 Ne4 33. Bh4 Qc3 34. Qf4 Ng5 35. Qf5+ Kg7 36. Bxg5 hxg5 37. Qxg5+ Kf8 38. Qd8+ Kg7 39. Qxc7 Qe1+ 40. Kh2 d3
41. Qxd6 d2 42. Qd4+ Kf8 43. Qd6+ Kg7 44. Qd4+ f6=
1/2-1/2

[Event "extreme weather chess tournament"]
[Site "SchemingMind.com"]
[Date "2014.01.26"]
[Round "-"]
[White "poisonpawn1"]
[Black "James Reed"]
[Result "1-0"]
[WhiteCountry "ENG"]
[BlackCountry "ENG"]
[WhiteElo "1638"]
[WhiteRD "81"]
[BlackElo "1366"]
[BlackRD "64"]
[GameID "346096"]

1. d4 Nf6 2. Nf3 d5 3. c4 e6 4. Nc3 Be7 5. cxd5 exd5 6. Bf4 c6 7. e3 h6 8. Bd3 Be6 9. O-O O-O 10. Qc2 Bb4
11. a3 Bxc3 12. bxc3 Nbd7 13. h3 Re8 14. Rab1 Nb6 15. Rfe1 a6 16. Qb3 Nfd7 17. a4 c5 18. dxc5 Nxc5 19. Qc2 Nbxa4 20. Bf5 b5
21. Nd4 Bxf5 22. Nxf5 Qd7 23. Nd4 Ne6 24. Bh2 Nxd4 25. cxd4 Rac8 26. Qd2 Nc3 27. f3 Nxb1 28. Rxb1 Qf5 29. Rc1 Rxc1+ 30. Qxc1 b4
31. Qc6 Qb1+ 32. Kf2 a5 33. Qxe8+ Kh7 34. Qxf7 b3 35. Bf4 b2 36. Bxh6 Qc2+ 37. Kg3 Qg6+ 38. Qxg6+ Kg8 39. Qxg7#
1-0

[Event "extreme weather chess tournament"]
[Site "SchemingMind.com"]
[Date "2014.01.26"]
[Round "-"]
[White "lordstripes"]
[Black "David Hartley"]
[Result "1-0"]
[WhiteCountry "ENG"]
[BlackCountry "ENG"]
[WhiteElo "1953"]
[WhiteRD "121"]
[BlackElo "1797"]
[BlackRD "68"]
[GameID "346444"]

1. e4 e5 2. Nf3 Nc6 3. Bb5 a6 4. Ba4 Nf6 5. O-O b5 6. Bb3 Na5 7. Nxe5 Nxb3 8. axb3 Bd6 9. Nxf7 Kxf7 10. d4 Be7
11. e5 Ne8 12. Qf3+ Kg8 13. Qxa8 c6 14. c4 Nc7 15. Qa7 Kf7 16. Bd2
1-0

[Event "extreme weather chess tournament"]
[Site "SchemingMind.com"]
[Date "2014.01.26"]
[Round "-"]
[White "David Hartley"]
[Black "lordstripes"]
[Result "0-1"]
[WhiteCountry "ENG"]
[BlackCountry "ENG"]
[WhiteElo "1800"]
[WhiteRD "62"]
[BlackElo "1957"]
[BlackRD "101"]
[GameID "346445"]

1. e4 c6 2. c3 d5 3. exd5 cxd5 4. d4 Nc6 5. Bd3 Nf6 6. Nf3 Bg4 7. O-O e6 8. h3 Bh5 9. Bg5 Be7 10. Nbd2 O-O
11. Qc2 Bg6 12. Rae1 Bxd3 13. Qxd3 Re8 14. Ne5 Nxe5 15. dxe5 Nd7 16. Bxe7 Rxe7 17. Nf3 h6 18. Re2 Qc7 19. Rfe1 Rae8 20. Qd4 b5
21. Qd3 a6 22. Nd4 Nc5 23. Qg3 Ne4 24. Qf4 Nc5 25. Rc2 Nd3 26. Qe3 Nxe1 27. Qxe1 Qb6 28. Nf3 Rc7 29. Qd2 Rec8 30. Nd4 Rc5
31. a3 Qc7 32. Kf1 Qxe5 33. Nf3 Qd6 34. Kg1 f6 35. Ne1 Kf7 36. Kh1 g5 37. Kg1 R5c6 38. Kh1 e5 39. Qd1 f5 40. Kg1 Kg6
41. Kh1 Rd8 42. Qc1 Qd7 43. Kg1 Rd6 44. Nd3 Kf6 45. Nc5 Qa7 46. b4 Rc8 47. Qe3 Rc7 48. Rd2 f4 49. Qd3 Rxc5 50. bxc5 Qxc5
51. Qh7 Qxa3 52. Qxh6+ Kf7 53. Qh7+ Ke6 54. Qg8+ Kf5 55. Qh7+ Ke6 56. Qg6+ Kd7 57. Qxg5 Qc1+
0-1

[Event "extreme weather chess tournament"]
[Site "SchemingMind.com"]
[Date "2014.01.29"]
[Round "-"]
[White "emvarela"]
[Black "eun77"]
[Result "1-0"]
[WhiteCountry "ARG"]
[BlackCountry "ISR"]
[WhiteElo "1753"]
[WhiteRD "48"]
[BlackElo "1550"]
[BlackRD "60"]
[GameID "346495"]

1. e4 e5 2. Nf3 d6 3. d4 exd4 4. Nxd4 Nc6 5. Bb5 Bd7 6. Nxc6 Bxc6 7. Bxc6+ bxc6 8. Nc3 Be7 9. Qf3 Bf6 10. Bd2 Ne7
11. O-O-O Rb8 12. Bf4 h6 13. e5 Bg5 14. Bxg5 hxg5 15. exd6 cxd6 16. Rhe1 O-O 17. Ne4 f6 18. Nxd6 Qc7 19. Re6 Nc8 20. Nxc8 Rbxc8
21. Rdd6
1-0

[Event "extreme weather chess tournament"]
[Site "SchemingMind.com"]
[Date "2014.01.29"]
[Round "-"]
[White "eun77"]
[Black "emvarela"]
[Result "0-1"]
[WhiteCountry "ISR"]
[BlackCountry "ARG"]
[WhiteElo "1371"]
[WhiteRD "53"]
[BlackElo "1766"]
[BlackRD "50"]
[GameID "346498"]

1. c4 c5 2. d3 Nc6 3. e4 e5 4. Nf3 h6 5. Be2 Be7 6. O-O Nf6 7. h3 O-O 8. Nh2 d6 9. Bg4 Bxg4 10. Nxg4 Nxg4
11. Qxg4 Nd4 12. Bxh6 Bf6 13. Bd2 Nc2 14. Na3 Nxa1 15. Rxa1 Qe7 16. Nc2 a6 17. Ne3 Qe6 18. Qxe6 fxe6 19. Rf1 Bg5 20. Rd1 Bxe3
21. Bxe3 b5 22. cxb5 axb5 23. a3 c4 24. dxc4 bxc4 25. Rxd6 Kf7 26. Rd7+ Kf6 27. Rc7 Rac8 28. Rxc8 Rxc8 29. Bd2 Rd8 30. Bc3 g5
31. g4 Rd1+ 32. Kg2 Ra1
0-1

[Event "extreme weather chess tournament"]
[Site "SchemingMind.com"]
[Date "2014.01.31"]
[Round "-"]
[White "Andoni Zabala"]
[Black "Scooter"]
[Result "1-0"]
[WhiteCountry "INT"]
[BlackCountry "USA"]
[WhiteElo "1761"]
[WhiteRD "103"]
[BlackElo "1705"]
[BlackRD "45"]
[GameID "346834"]

1. e4 c6 2. Nf3 d5 3. e5 Bf5 4. d4 e6 5. g3 h6 6. Bg2 Nd7 7. O-O c5 8. c3 cxd4 9. Nh4 Bxb1 10. Rxb1 dxc3
11. bxc3 b6 12. c4 Be7 13. cxd5 Nxe5 14. dxe6 Qxd1 15. exf7+ Kxf7 16. Rxd1 Bxh4 17. Bxa8
1-0

[Event "extreme weather chess tournament"]
[Site "SchemingMind.com"]
[Date "2014.01.31"]
[Round "-"]
[White "Scooter"]
[Black "Andoni Zabala"]
[Result "1-0"]
[WhiteCountry "USA"]
[BlackCountry "INT"]
[WhiteElo "1731"]
[WhiteRD "46"]
[BlackElo "1757"]
[BlackRD "97"]
[GameID "346836"]

1. d4 Nf6 2. Nf3 g6 3. Bf4 Bg7 4. h3 d5 5. e3 O-O 6. Be2 Nbd7 7. O-O c5 8. c3 cxd4 9. cxd4 Ne4 10. Nbd2 Ndf6
11. Rc1 Bd7 12. Nxe4 Nxe4 13. Ng5 Nxg5 14. Bxg5 f6 15. Bf4 e5 16. dxe5 fxe5 17. Bg3 Bc6 18. Qb3 Kh8 19. Bb5 Qd7 20. Bxc6 bxc6
21. Qc3 Rac8 22. Bxe5 Bxe5 23. Qxe5+ Kg8 24. Rc5 Rf5 25. Qc3 Rg5 26. Qf6 Rf5= 27. Qd4 Rcf8 28. e4 Rf4 29. f3 Qb7 30. b4 R8f6
31. Rfc1 Kg7 32. Rxc6 Qb5 33. Rxf6 Rxf6 34. Rc7+
1-0

[Event "extreme weather chess tournament"]
[Site "SchemingMind.com"]
[Date "2014.02.06"]
[Round "-"]
[White "alexyongpohweng"]
[Black "shaqattack"]
[Result "0-1"]
[WhiteCountry "MAS"]
[BlackCountry "ENG"]
[WhiteElo "1230"]
[WhiteRD "45"]
[BlackElo "1530"]
[BlackRD "71"]
[GameID "347022"]

1. e4 c5 2. Bc4 d6 3. h3 Nf6 4. Nc3 a6 5. Nf3 g6 6. O-O Bg7 7. a3 O-O 8. Ba2 Nc6 9. d3 b5 10. b3 Bb7
11. Bb2 Nd4 12. Nxd4 cxd4 13. Ne2 e5 14. c3 dxc3 15. Bxc3 Nd7 16. b4 Nf6 17. a4 Nd7 18. axb5 axb5 19. Ng3 Nb6 20. Qf3 Qe8
21. Ne2 Bc8 22. Bb3 Rxa1 23. Bxa1 Be6 24. Bxe6 Qxe6 25. Qe3 Na4 26. Nc3 Nxc3 27. Bxc3 Ra8 28. Qf3 Qf6 29. Qxf6 Bxf6 30. Ra1 Rxa1+
31. Bxa1 Kf8 32. f3 h5 33. Kf2 Ke7 34. Ke3 Ke6 35. d4 exd4+ 36. Bxd4 Bg5+ 37. f4 Bh4 38. Kf3 Be1
0-1

[Event "extreme weather chess tournament"]
[Site "SchemingMind.com"]
[Date "2014.02.06"]
[Round "-"]
[White "shaqattack"]
[Black "alexyongpohweng"]
[Result "1-0"]
[WhiteCountry "ENG"]
[BlackCountry "MAS"]
[WhiteElo "1530"]
[WhiteRD "71"]
[BlackElo "1230"]
[BlackRD "45"]
[GameID "347023"]

1. e4 e5 2. Nf3 d6 3. Bc4 h6 4. O-O Nf6 5. d3 Be7 6. Nc3 O-O 7. Re1 c6 8. Bb3 Bg4 9. h3 Bxf3 10. Qxf3 b5
11. a3 a5 12. Ne2 a4 13. Ba2 Na6 14. Ng3 c5 15. Nf5 Nh7 16. Bxh6 gxh6 17. Nxh6+ Kg7 18. Nf5+ Kf6 19. Nh6+ Kg7 20. Nf5+ Kh8
21. Nxe7 Qxe7 22. Re3 Nf6 23. Qg3 Nh7 24. Rf3 Qg5 25. Qxg5 Nxg5 26. Rf5 f6 27. h4 Nh7 28. Rh5 Kg7 29. g4 Kg6 30. Be6 Rfe8
31. Bf5+
1-0

[Event "extreme weather chess tournament"]
[Site "SchemingMind.com"]
[Date "2014.02.06"]
[Round "-"]
[White "Sully7"]
[Black "SAMAEL"]
[Result "1-0"]
[WhiteCountry "IRL"]
[BlackCountry "CAN"]
[WhiteElo "2133"]
[WhiteRD "62"]
[BlackElo "1759"]
[BlackRD "59"]
[GameID "347372"]

1. e4 e5 2. d4 exd4 3. c3 d6 4. cxd4 Ne7 5. Nf3 Nd7 6. Bc4 h6 7. Qb3 d5 8. exd5 Nb6 9. Bb5+ Bd7 10. Ne5 f6
11. Nxd7 Nxd7 12. O-O c6 13. dxc6 bxc6 14. Bc4 Qc7 15. Re1 Kd8 16. Nc3 Qb6 17. Qc2 Nc8 18. Re6 Bd6 19. Qg6 Qxd4 20. Re4 Qc5
21. Qxg7 Rf8 22. Bxh6 Re8 23. Rxe8+ Kxe8 24. Be6 Be7 25. Qg8+ Nf8 26. Bxf8 Bxf8 27. Qf7+
1-0

[Event "extreme weather chess tournament"]
[Site "SchemingMind.com"]
[Date "2014.02.07"]
[Round "-"]
[White "SAMAEL"]
[Black "Sully7"]
[Result "0-1"]
[WhiteCountry "CAN"]
[BlackCountry "IRL"]
[WhiteElo "1759"]
[WhiteRD "59"]
[BlackElo "2133"]
[BlackRD "62"]
[GameID "347374"]

1. e4 d5 2. exd5 Nf6 3. Nf3 e6 4. Be2 exd5 5. d4 Nc6 6. O-O Bd6 7. Nbd2 O-O 8. Re1 Re8 9. c3 Bf5 10. h3 Qd7
11. Bf1 Rxe1 12. Nxe1 Re8 13. Ndf3 Be4 14. Be2 Ne7 15. Be3 Nf5 16. Qd2 Bxf3 17. Bxf3 Nxe3 18. fxe3 Qe6 19. Nc2 c6 20. Re1 Bg3
21. Re2 Ne4 22. Bxe4 dxe4 23. b3 Qf5 24. c4 Re6 25. Qd1 Rf6 26. Na3 g5 27. Rd2 Bf2+
0-1

[Event "extreme weather chess tournament"]
[Site "SchemingMind.com"]
[Date "2014.02.09"]
[Round "-"]
[White "namloc"]
[Black "kenneth m day"]
[Result "0-1"]
[WhiteCountry "IRL"]
[BlackCountry "USA"]
[WhiteElo "1400"]
[WhiteRD "99"]
[BlackElo "1757"]
[BlackRD "49"]
[GameID "347618"]

1. d4 Nf6 2. c4 e6 3. Nc3 Bb4 4. e3 O-O 5. Ne2 d5 6. a3 Be7 7. cxd5 exd5 8. Nf4 c6 9. Bd3 Bg4 10. f3 Bc8
11. O-O Re8 12. e4 dxe4 13. Bxe4 Nxe4 14. Nxe4 Bf5 15. Re1 Nd7 16. Qd3 Nf6
0-1

[Event "extreme weather chess tournament"]
[Site "SchemingMind.com"]
[Date "2014.02.09"]
[Round "-"]
[White "kenneth m day"]
[Black "namloc"]
[Result "1-0"]
[WhiteCountry "USA"]
[BlackCountry "IRL"]
[WhiteElo "1757"]
[WhiteRD "49"]
[BlackElo "1400"]
[BlackRD "99"]
[GameID "347619"]

1. e4 c5 2. d4 cxd4 3. c3 dxc3 4. Nxc3 Nc6 5. Nf3 d6 6. Bc4 a6 7. Bg5 Nf6 8. Qe2 h6 9. Bh4 Bg4 10. h3 Nd4
11. Bxf7+ Kxf7 12. Qc4+ Ne6 13. hxg4 Rc8 14. Qb3 b5 15. O-O Nxg4 16. Nd4 Ke8 17. Qxe6 Qd7 18. Qg6+ Kd8 19. Ne6+
1-0

[Event "extreme weather chess tournament"]
[Site "SchemingMind.com"]
[Date "2014.02.14"]
[Round "-"]
[White "Andreas Flato"]
[Black "Hisjazzrabbit"]
[Result "0-1"]
[WhiteCountry "GER"]
[BlackCountry "FRA"]
[WhiteElo "1747"]
[WhiteRD "85"]
[BlackElo "1640"]
[BlackRD "89"]
[GameID "347749"]

1. e4 e5 2. Nf3 Nc6 3. Bc4 Bc5 4. O-O Nf6 5. d3 d6 6. Be3 Bxe3 7. fxe3 Na5 8. Bb3 Nxb3 9. axb3 O-O 10. Nc3 c6
11. d4 Qe7 12. Qd3 Re8 13. Nd2 Ng4 14. Qe2 Qg5 15. Rae1 Qxe3+ 16. Qxe3 Nxe3 17. Rxe3 exd4 18. Rd3 dxc3 19. bxc3 Rd8 20. e5 d5
21. c4 Be6 22. cxd5 Bxd5 23. Rd1 Be6 24. Nf3 Rxd3 25. Rxd3 Kf8 26. h3 a5 27. g4 a4 28. bxa4 Rxa4 29. Ng5 Bc4 30. Rd7 h6
31. Nf3 Ra3 32. Kf2 c5 33. Rxb7 Rxf3+
0-1

[Event "extreme weather chess tournament"]
[Site "SchemingMind.com"]
[Date "2014.02.14"]
[Round "-"]
[White "Hisjazzrabbit"]
[Black "Andreas Flato"]
[Result "1-0"]
[WhiteCountry "FRA"]
[BlackCountry "GER"]
[WhiteElo "1601"]
[WhiteRD "97"]
[BlackElo "1772"]
[BlackRD "81"]
[GameID "347751"]

1. e4 e5 2. Nc3 d6 3. Nf3 Be7 4. d4 exd4 5. Nxd4 Nf6 6. Bd3 c6 7. O-O O-O 8. Bf4 Nbd7 9. Nf5 Ne5 10. Nxe7+ Qxe7
11. Be2 Rd8 12. Bg5 h6 13. Be3 Bg4 14. f3 Bh5 15. Qd4 c5 16. Qd2 Kh7 17. Rfe1 a6 18. Bf2 Nc6 19. Nd5 Nxd5 20. exd5 Na7
21. Bd3+
1-0

[Event "extreme weather chess tournament"]
[Site "SchemingMind.com"]
[Date "2014.02.13"]
[Round "-"]
[White "mmccaffe"]
[Black "Simon Green"]
[Result "1-0"]
[WhiteCountry "USA"]
[BlackCountry "ENG"]
[WhiteElo "1666"]
[WhiteRD "60"]
[BlackElo "1602"]
[BlackRD "54"]
[GameID "347819"]

1. e4 e6 2. d4 d5 3. Nd2 Nf6 4. e5 Nfd7 5. Bd3 c5 6. c3 c4 7. Bc2 b5 8. h4 Be7 9. Qg4 O-O 10. Ndf3 f5
11. exf6 Nxf6 12. Qf4 Bd6 13. Qd2 Nc6 14. Ng5 h6 15. N5h3 e5 16. dxe5 Bxe5 17. Nf3 Re8 18. Nxe5 Rxe5+ 19. Kf1 Ne4 20. Bxe4 Rxe4
21. Nf4 Ne7 22. h5 Bg4 23. Ng6 Re2 24. Nxe7+ Qxe7 25. Qxd5+ Kh7 26. Bg5 Qxg5 27. Qxa8 Qd2 28. Qf8 Qxb2 29. Rd1 Qxa2 30. Rh4 Re8
31. Qxe8 Bxd1 32. Qg6+ Kh8 33. Re4
1-0

[Event "extreme weather chess tournament"]
[Site "SchemingMind.com"]
[Date "2014.02.12"]
[Round "-"]
[White "Simon Green"]
[Black "mmccaffe"]
[Result "0-1"]
[WhiteCountry "ENG"]
[BlackCountry "USA"]
[WhiteElo "1632"]
[WhiteRD "57"]
[BlackElo "1690"]
[BlackRD "59"]
[GameID "347820"]

1. d4 Nf6 2. e3 g6 3. Bd3 Bg7 4. f4 O-O 5. Nf3 d5 6. O-O e6 7. c3 Nbd7 8. Nbd2 c5 9. Qe1 c4 10. Bc2 b5
11. Ne5 a5 12. b4 axb4 13. cxb4 Nxe5 14. fxe5 Nd7 15. e4 Nb6 16. exd5 Nxd5 17. Be4 Ra4 18. Nf3 Nxb4 19. a3 Nd3 20. Qd2 Nxc1
21. Qxc1 Bd7 22. Qc3 Qa5 23. Qe3 b4 24. Nd2 Bb5 25. Bc2 b3 26. Bb1 Rxa3 27. Rxa3 Qxa3 28. Qc3 Rc8 29. Be4 Qa6 30. Ra1 Qb6
31. Kf1 Bh6 32. Nxb3 Rd8 33. Nc5 Bf8 34. Qe3 Bxc5 35. dxc5 Qc7 36. Qc3 Qxc5 37. Ke1 Bc6 38. Bxc6 Qxc6 39. Kf2 Qd5 40. Ra2 Qd4+
41. Qxd4 Rxd4 42. Ke3 Rd1 43. Rc2 Re1+ 44. Kd4 Rd1+ 45. Kxc4 Rd8 46. Kb5 Rd5+ 47. Kc6 Rxe5 48. Kd6 Rh5 49. Ke7 Rxh2 50. Kf6 h5
51. Rc8+ Kh7 52. Kxf7 Rxg2 53. Kxe6 Kh6 54. Kf6 Rf2+ 55. Ke5 Kg5 56. Rc4 Rf5+
0-1

[Event "extreme weather chess tournament"]
[Site "SchemingMind.com"]
[Date "2014.02.17"]
[Round "-"]
[White "John Hamer"]
[Black "Clive Everill"]
[Result "1-0"]
[WhiteCountry "ENG"]
[BlackCountry "CZE"]
[WhiteElo "2098"]
[WhiteRD "69"]
[BlackElo "1674"]
[BlackRD "54"]
[GameID "348016"]

1. d4 d5 2. c4 c6 3. Nf3 dxc4 4. e4 b5 5. a4 e6 6. b3 Bb4+ 7. Bd2 Bxd2+ 8. Qxd2 cxb3 9. axb5 Nf6 10. Nc3 O-O
11. Bd3 cxb5 12. e5 Nd5 13. Nxd5 Qxd5 14. Ng5 g6 15. Be4 Qd8 16. Bxa8 Qb6 17. O-O Nc6 18. Ne4 Kg7 19. Rfd1 Bb7 20. Bxb7 Qxb7
21. Nc5 Qc7 22. Nxb3 Rd8 23. Rdc1 Qb6 24. Qf4 Nb4 25. Qf6+ Kg8 26. Rxa7 Qxa7 27. Qxd8+ Kg7 28. Qf6+ Kh6 29. Rc3
1-0

[Event "extreme weather chess tournament"]
[Site "SchemingMind.com"]
[Date "2014.02.17"]
[Round "-"]
[White "Clive Everill"]
[Black "John Hamer"]
[Result "1/2-1/2"]
[WhiteCountry "CZE"]
[BlackCountry "ENG"]
[WhiteElo "1674"]
[WhiteRD "54"]
[BlackElo "2098"]
[BlackRD "69"]
[GameID "348017"]

1. e4 b6 2. d4 Bb7 3. Bd3 g6 4. Ne2 Bg7 5. O-O e6 6. Be3 Ne7 7. Nd2 O-O 8. f4 Nbc6 9. a3 f5 10. c3 fxe4
11. Bxe4 Nf5 12. Bf2 Nd6 13. Bc2 Ne7 14. Bh4 Qe8 15. b4 Ndf5 16. Bf2 Nd5 17. Re1 Nde3 18. Qb1 Nxg2 19. Rf1 Nge3 20. Re1 Ng4
21. Bg3 a5 22. b5 Nge3 23. Be4 d5 24. Bf3 Nd6 25. Nf1 Nec4 26. Qc2 Nxb5 27. a4 Nbd6 28. Nc1 Ne4 29. Bxe4 dxe4 30. Ne3 Qc6
31. Nb3 Rad8=
1/2-1/2

[Event "extreme weather chess tournament"]
[Site "SchemingMind.com"]
[Date "2014.02.18"]
[Round "-"]
[White "ray winteringham"]
[Black "Kenny Elliott"]
[Result "0-1"]
[WhiteCountry "ENG"]
[BlackCountry "USA"]
[WhiteElo "1458"]
[WhiteRD "54"]
[BlackElo "1411"]
[BlackRD "95"]
[GameID "348212"]

1. e4 c5 2. Bc4 d6 3. Qf3 Nf6 4. d3 e5 5. Ne2 Be7 6. h3 Qb6 7. g4 h6 8. Nbc3 O-O 9. O-O Nc6 10. Bb3 Be6
11. Bxe6 fxe6 12. Qg2 Rad8 13. b3 d5 14. Na4 Qb5 15. c4 dxc4 16. dxc4 Qa6 17. Be3 Nd4 18. Nc1 Nc2 19. Rb1 Nxe3 20. fxe3 Qc6
21. Ne2 Nxe4 22. a3 Rxf1+ 23. Rxf1 Rf8 24. Rd1 Bg5 25. Rd3 Rf2 26. Qh1 Rxe2 27. Qf3 Re1+ 28. Kh2 Rxe3 29. Rd8+ Bxd8 30. Qxe3 Ng5
31. Nxc5 e4 32. h4 Nf3+ 33. Kh3 e5 34. Nxe4 Nd4 35. Nd2 Qh1+ 36. Kg3 Bxh4#
0-1

[Event "extreme weather chess tournament"]
[Site "SchemingMind.com"]
[Date "2014.02.18"]
[Round "-"]
[White "Kenny Elliott"]
[Black "ray winteringham"]
[Result "0-1"]
[WhiteCountry "USA"]
[BlackCountry "ENG"]
[WhiteElo "1411"]
[WhiteRD "95"]
[BlackElo "1458"]
[BlackRD "54"]
[GameID "348214"]

1. d4 Nf6 2. c4 e6 3. Bg5 h6 4. Bh4 Be7 5. Nc3 d6 6. Qb3 Nc6 7. Nf3 O-O 8. e4 Na5 9. Qb4 b6 10. O-O-O d5
11. c5 c6 12. Bxf6 Bxf6 13. Kb1 Bd7 14. Ba6 b5 15. a4 bxa4 16. Nxa4 Rb8 17. Qc3 dxe4 18. Ne5 Qc7 19. Qg3 Bxe5 20. Qxe5 Qxe5
21. dxe5 Rb4 22. Nc3 Bc8 23. Bxc8 Rxc8 24. Rd7 Rcb8 25. Nd1 Nc4 26. Rxa7 Nxe5 27. Ra2 Nc4 28. Re1 f5 29. Re2 R4b5 30. Rc2 Rd8
31. Kc1 Rd4 32. Ra4 Rxd1+ 33. Kxd1 Nxb2+ 34. Rxb2 Rxb2 35. Ra6 Rxf2 36. Rxc6 Rxg2 37. Rxe6 Ra2 38. Rb6 f4 39. c6 Ra5 40. Rb7 Rd5+
41. Ke1 Rc5 42. c7 Kh7 43. Ke2 f3+ 44. Ke3 Kg6 45. Kd4 Rc2 46. Kxe4 f2 47. c8=Q Rxc8 48. Rb1 Rf8 49. Rf1 Kg5 50. Ke3 Kg4
51. Rxf2 Rxf2 52. Kxf2 Kh3 53. Kf3 g5
0-1

[Event "extreme weather chess tournament"]
[Site "SchemingMind.com"]
[Date "2014.02.20"]
[Round "-"]
[White "Holty"]
[Black "grabapawn"]
[Result "1-0"]
[WhiteCountry "ENG"]
[BlackCountry "USA"]
[WhiteElo "1732"]
[WhiteRD "59"]
[BlackElo "1570"]
[BlackRD "64"]
[GameID "348259"]

1. d4 d5 2. Nf3 Nc6 3. e3 Bf5 4. c4 Nf6 5. Nc3 e6 6. Nh4 Qd7 7. Nxf5 exf5 8. cxd5 Nxd5 9. Bc4 Nxc3 10. bxc3 Bd6
11. O-O O-O-O 12. a4 Na5 13. Bd3 g6 14. Bd2 h5 15. c4 Nc6 16. c5 Be7 17. Bb5 Qd5 18. Qc2 g5 19. Bc4 Qe4 20. Qxe4 fxe4
21. Bxf7 Rdf8 22. Be6+ Kb8 23. Bd5 h4 24. Bxe4 Bf6 25. Bxc6 bxc6 26. Rab1+ Kc8 27. Rb3 Kd7 28. Rb7 Rb8 29. Rfb1 Rxb7 30. Rxb7 Ra8
31. Ba5 Bd8 32. h3 a6 33. f3 Rc8 34. Kf2 Ke6 35. e4 Kf6 36. g4 Ke6 37. Ke3 Kd7 38. f4 Ke6 39. f5+ Kf6 40. e5+ Ke7
41. Ke4 Kf7 42. d5 cxd5+ 43. Kxd5 Ke8 44. c6 Kf7 45. e6+ Ke7 46. Ke5 Kf8 47. f6 Ke8 48. Bb4
1-0

[Event "extreme weather chess tournament"]
[Site "SchemingMind.com"]
[Date "2014.02.20"]
[Round "-"]
[White "grabapawn"]
[Black "Holty"]
[Result "0-1"]
[WhiteCountry "USA"]
[BlackCountry "ENG"]
[WhiteElo "1570"]
[WhiteRD "64"]
[BlackElo "1732"]
[BlackRD "59"]
[GameID "348260"]

1. e4 e6 2. d4 d5 3. Nc3 Nf6 4. Bg5 dxe4 5. Nxe4 Be7 6. Nxf6+ Bxf6 7. Bxf6 Qxf6 8. Nf3 O-O 9. Bd3 a6 10. Qd2 Rd8
11. O-O-O Nc6 12. c3 h6 13. Ne5 Bd7 14. Ng4 Qe7 15. Rhe1 f5 16. Ne5 Qf6 17. g3 Nxe5 18. Rxe5 Re8 19. h4 Bc6 20. Rde1 Kf7
21. Rh1 Bxh1 22. Qd1 Bg2 23. Be2 g6 24. b4 Kg7 25. c4 b6 26. a4 c6 27. f3 b5 28. Qg1 Bh3 29. Qh2 Rad8 30. Qxh3 bxc4
0-1

[Event "extreme weather chess tournament"]
[Site "SchemingMind.com"]
[Date "2014.02.22"]
[Round "-"]
[White "Chess_Romanticist"]
[Black "ampp"]
[Result "1-0"]
[WhiteCountry "SWE"]
[BlackCountry "POR"]
[WhiteElo "1985"]
[WhiteRD "120"]
[BlackElo "1287"]
[BlackRD "67"]
[GameID "348425"]

1. e4 e5 2. Nf3 Nc6 3. Bb5 a6 4. Ba4 Nf6 5. O-O Be7 6. Re1 O-O 7. Bxc6 dxc6 8. Nxe5 Bd6 9. Nf3 Re8 10. e5 Bxe5
11. Nxe5 Qd4 12. c3 Qf4 13. d4 Be6 14. Bxf4 Bc8 15. c4 h6 16. Nd2 b5 17. Qf3 Bb7 18. Bxh6
1-0

[Event "extreme weather chess tournament"]
[Site "SchemingMind.com"]
[Date "2014.02.22"]
[Round "-"]
[White "ampp"]
[Black "Chess_Romanticist"]
[Result "0-1"]
[WhiteCountry "POR"]
[BlackCountry "SWE"]
[WhiteElo "1287"]
[WhiteRD "67"]
[BlackElo "1985"]
[BlackRD "120"]
[GameID "348426"]

1. e4 e6 2. d4 d5 3. Nc3 Bb4 4. Bd2 dxe4 5. Nxe4 Qxd4 6. Nc3 Nf6 7. Nf3 Qb6 8. Bd3 Bd7 9. O-O Bd6 10. Re1 Bc6
11. Rb1 Ng4 12. Be3 Nxe3 13. Rxe3 Bc5 14. Re2 Bxf3 15. gxf3 Nc6 16. Ne4 O-O-O 17. Nxc5 Qxc5 18. Qd2 Nd4 19. Re3 Qg5+ 20. Kf1 Nxf3
21. Qd1 Qg1+ 22. Ke2 Nd4+ 23. Kd2 Qxf2+
0-1

[Event "extreme weather chess tournament"]
[Site "SchemingMind.com"]
[Date "2014.02.24"]
[Round "-"]
[White "rookie31"]
[Black "bobbassbone"]
[Result "1-0"]
[WhiteCountry "IND"]
[BlackCountry "ENG"]
[WhiteElo "2090"]
[WhiteRD "69"]
[BlackElo "1623"]
[BlackRD "63"]
[GameID "348519"]

1. d4 c6 2. c4 d5 3. Nf3 Nf6 4. Nc3 dxc4 5. e3 Bg4 6. Bxc4 e6 7. O-O Bb4 8. Qb3 Bxc3 9. Qxb7 Nbd7 10. bxc3 Qc8
11. Ba6 Qb8 12. Qxc6 O-O 13. Ba3 Bxf3 14. Qxf3
1-0

[Event "extreme weather chess tournament"]
[Site "SchemingMind.com"]
[Date "2014.02.24"]
[Round "-"]
[White "bobbassbone"]
[Black "rookie31"]
[Result "0-1"]
[WhiteCountry "ENG"]
[BlackCountry "IND"]
[WhiteElo "1623"]
[WhiteRD "63"]
[BlackElo "2090"]
[BlackRD "69"]
[GameID "348520"]

1. d4 Nf6 2. Bf4 d5 3. e3 Bf5 4. Nf3 e6 5. c3 Nbd7 6. Nbd2 Be7 7. Be2 Nh5 8. Bg3 c6 9. Ne5 Nxg3 10. hxg3 Nxe5
11. dxe5 Qc7 12. Nf3 Be4 13. Bd3 Bxf3 14. gxf3 Qxe5 15. Qc2 Qf6 16. O-O-O Qxf3 17. Rh2 O-O-O 18. Rdh1 h6 19. Qa4 Kb8 20. Qb3 e5
21. Rh4 Bxh4 22. Rxh4 Qxf2 23. Rb4 Qxe3+ 24. Kc2 b5 25. a4 e4 26. Bxb5 c5 27. Rd4 cxd4 28. Bc6+ Kc7 29. Qb7+ Kd6 30. Bb5 d3+
31. Kb3 d2 32. Qc6+ Ke5 33. Qc7+ Ke6
0-1

[Event "extreme weather chess tournament"]
[Site "SchemingMind.com"]
[Date "2014.02.24"]
[Round "-"]
[White "lemme howdt"]
[Black "jpetric"]
[Result "1-0"]
[WhiteCountry "USA"]
[BlackCountry "USA"]
[WhiteElo "1630"]
[WhiteRD "75"]
[BlackElo "1487"]
[BlackRD "83"]
[GameID "348556"]

1. e4 e5 2. Nf3 Nc6 3. Bc4 h6 4. c3 Bc5 5. d4 exd4 6. cxd4 Bb4+ 7. Nc3 Qe7 8. Bd2 Nf6 9. Qe2 Bxc3 10. Bxc3 a6
11. e5 Nh5 12. g3 b5 13. Bd5 Bb7 14. Qe4 g6 15. O-O-O f5 16. exf6 Qxe4 17. Bxe4 b4 18. Bd2 g5 19. Bg6+ Kf8 20. Bxh5 d6
21. Rhe1 Rh7 22. f7 Kg7 23. Re8 Rh8 24. Rde1 a5 25. Rxh8 Rxh8 26. Re8 Rf8 27. Bxg5 hxg5 28. Nxg5 Nxd4 29. f4 Bc6 30. Rxf8 Nf5
31. Rg8+
1-0